| 000 | 01769nam a2200433 i 4500 | ||
|---|---|---|---|
| 003 | EG-GICUC | ||
| 005 | 20260121101438.0 | ||
| 008 | 251207s1926 fr c|||fr|||| 001 0 fre d | ||
| 040 |
_aEG-GiCUC _bfre _cEG-GiCUC _dEG-GiCUC _eRda |
||
| 041 | _afre | ||
| 082 | 0 | 4 |
_221 _a341.1 _bRE |
| 092 | 0 | 4 | _221 |
| 099 | _aLaw1 11 341.1 RE 1926 | ||
| 245 | 0 | 0 |
_aRecueil Des Cours. _n1925, Tome 7. |
| 264 | 1 |
_aParis : _bHachette, _c1926. |
|
| 300 |
_a524 pages : _bportraits ; _c 24 cm. |
||
| 336 |
_2rda contenu _a texte |
||
| 337 |
_2rda medias _aOrdinateur |
||
| 338 |
_2 transporteur rda _a Ressource en ligne |
||
| 490 | 0 |
_aAcadémie de droit international ; _v1925, Tome 7. |
|
| 500 | _a1925 II. | ||
| 500 | _aAt head of title: Académie de droit international. | ||
| 504 | _aIncludes bibliographical references and index. | ||
| 505 | _ae protocole de Genève / par Hans Wehberg -- La garantie des emprunts publics d'état / par Gaston Jèze -- L'exterritorialité et ses applications en Extrême-Orient / par Alphonse Heyking -- La théorie générale des unions internationales / par A. Rapisardi-Mirabelli -- L'œuvre de Grotius et son influence sur le développement du droit international / par W. van der Vlugt. | ||
| 546 | _aTexte en français | ||
| 610 | 2 | 0 | _aLeague of Nations |
| 650 | 1 | 4 | _aDroit international |
| 650 | 1 | 4 | _aArbitration (International law) |
| 650 | 1 | 4 | _aDisarmament |
| 700 | 1 |
_aWehberg, Hans, _eAuteur |
|
| 700 | 1 |
_aJèze, Gaston _eAuteur |
|
| 700 | 1 |
_aHeyking, A. _eAuteur |
|
| 700 | 1 |
_aRapisardi-Mirabelli, Andrea, _eAuteur |
|
| 700 | 1 |
_aVlugt, W. van der _eAuteur |
|
| 710 | _aAcadémie De Droit International | ||
| 856 | 4 | 0 | _uhttps://fll.law.cu.edu.eg/fulltext/bks/B11-05019.pdf |
| 905 | _a75 | ||
| 942 |
_2ddc _n0 _cBK _e21 |
||
| 999 |
_c48929 _d48929 |
||